| Поле | Инд. | ПП | Название | Значение |
|---|---|---|---|---|
| Тип записи | a | |||
| Библиографический уровень | a | |||
| 001 | Контрольный номер | AdmiBIBL00009505AdmiBIBL-64cc-45 | ||
| 005 | Дата корректировки | 20180409143804.4 | ||
| 008 | Кодируемые данные | 030508 | ||
| 040 | a | Служба первич. каталог. | НБ ТвГУ | |
| 041 | a | Код языка текста | rus | |
| 098 | b | Факультет | Управления и социологии | |
| c | Кафедра | социологии и политологии | ||
| 100 | 1_ | a | Автор | Куликова Светлана Геннадьевна |
| q | Полное имя | Куликова С. Г. | ||
| 245 | 10 | a | Заглавие | Консервативная политическая идеология: некоторые подходы к изучению проблемы в современной науке |
| 653 | a | Ключевые слова | Идейно-политические течения | |
| a | Ключевые слова | Труды Тверского государственного университета | ||
| 653 | a | Ключевые слова | Консерватизм | |
| a | Ключевые слова | Политология | ||
| 653 | a | Ключевые слова | Государственное управление | |
| a | Ключевые слова | Демократия | ||
| a | Ключевые слова | Идеология | ||
| a | Ключевые слова | Политическая идеология | ||
| 653 | a | Ключевые слова | Консервативная идеология | |
| 653 | a | Ключевые слова | Парламентская демократия | |
| 710 | a | Организация/ юрисдикция | Тверской государственный университет | |
| 773 | w | Контрольный № источника | 19ff71e9-572b-4627-8c44-9e1fc51d426e | |
| t | Название источника | Социально-политические процессы в меняющемся мире | ||
| d | Место и дата издания | Тверь, 2002 | ||
| g | Прочая информация | Вып. 2. - С. 106-111 | ||
| 856 | u | URL | http://texts.lib.tversu.ru/texts2/0001448t.pdf | |
| x | Примечание для ЭОР | Реестр суммарного учета сетевых локальных документов | ||
| 901 | t | Тип документа | a | |
| 920 | a | Оператор | ВлЕИ | |
| 930 | a | Новая/Ретро | полный текст | |
| 954 | a | Дата поступления на обработку | 20110311 |